Quiz sull'agente 007 - James Bond - Statistics

Statistiche generali
  • Questo quiz è stato fatto 183 volte
  • Il punteggio medio è 9 su 15
Statistiche sulle risposte
Domanda Risposta % Corretto
Con quale lettera è conosciuto il capo di James Bond? M
96%
Qual è la marca di auto che appare più volte, e che quindi è la più usata, da 007? Aston Martin
91%
Qual'è il drink che 007 prende più sempre chiamato "vesper"? Vodka Martini
89%
Come beve 007 il suo drink? Agitato non mescolato
87%
Chi è stato il creatore del personaggio di James Bond? Ian Fleming
87%
Quale attore ha interpretato per la prima volta James Bond nei film? Sean Connery
83%
Per quale agenzia di intelligence britannica lavora James Bond? MI6
81%
Per quale agenzia lavora Felix Leiter (uno dei più grandi amici di 007)? CIA
79%
Quale nemico ha affrontato più spesso James Bond? Ernst Stavro Blofeld
64%
Cosa significa SPECTRE Special Executive for Counter-intelligence, Terrorism, Revenge, and Extortion
57%
Qual è stato il film di James Bond con il maggior incasso? Skyfall
47%
Quanti film di James Bond sono stati realizzati (contando anche Spectre)? 24
34%
In "Octopussy" quale agente 00 è stato ucciso a Berlino Est? 009
32%
Quale di questi attori ha interpretato James Bond più di tutti? Daniel Craig
11%
Dove ha trovato il creatore il nome “James Bond”? Un dottore
11%
Nessun quiz corrispondente trovato
Distribuzione punteggi
Percentuale di utenti per punteggio
Percentile per numero di risposta
I tuoi punteggi nel tempo
Non hai fatto questo quiz